000 00614nam a2200181Ia 4500
003 IN-BaIIA
008 211028s9999 xx 000 0 eng d
020 _a3-540-66096-8
040 _cIIA Library
080 _a048.1:52
_bAAA-70B
245 0 _aAstronomy and Astrophysics Abstracts. Vol.70B. Literature 1998, Part 2
_cedited by G. Burkhardt
260 _aBerlin
_bSpringer-Verlag
_c1999
300 _aviii,1185-2131p.
650 _aAbstracts-Astronomy and Astrophysics
_96051
650 _aAstronomy and Astrophysics Abstracts
_96052
700 _aBurkhardt, G., ed.
942 _cBK
999 _c13213
_d13213